Les candidats à la mairie de Marseille en 2020 - Statistiques

Statistiques générales
  • Ce quiz a été pris 7 fois
  • Le résultat moyen est 3 sur 7
Statistiques - réponses
Hint Réponse % Correct
DVG Michèle Rubirola
100%
LR Martine Vassal
86%
RN Stéphane Ravier
57%
DVG Samia Ghali
29%
EELV Sébastien Barles
29%
LREM Yvon Berland
29%
DVD Bruno Gilles
14%
Aucun quiz correspondant
Distribution des résultats
% des personnes avec chaque résultat
Percentile par nombre de réponses
Votre historique - résultats
Vous n’avez pas pris ce quiz